| 000 | 00479nam a2200169Ia 4500 | ||
|---|---|---|---|
| 003 | LK-CoDNM | ||
| 005 | 20241206145628.0 | ||
| 008 | 010623t xxu||||| |||| 00| 1 eng d | ||
| 040 |
_aLK-CoDNM _dLK-CoDNM _eLK-CoDNM |
||
| 041 | _aeng | ||
| 080 |
_a294.3 _bBUN |
||
| 100 | _aBunnag,Jane. | ||
| 245 | _aBuddhist Monk Buddhist Layman. : A Study of Urban Monastic Organization in Central Thailand | ||
| 260 | _bCambridge University Press | ||
| 300 | _b219p. ; 23 cm | ||
| 942 | _cBK | ||
| 999 |
_c133859 _d133859 |
||